Conciencia religiosa y conciencia colectiva en América Latina

Đã lưu trong:
Chi tiết về thư mục
Tác giả của công ty: Centro Tricontinental
Định dạng: Texto
Được phát hành: s.l: CETRI
Các nhãn: Thêm thẻ
Không có thẻ, Là người đầu tiên thẻ bản ghi này!

MARC

LEADER 00000 a a2200000 04500
001 24186
003
040
090 |a 177300  
110 |a Centro Tricontinental  
245 |a Conciencia religiosa y conciencia colectiva en América Latina  
260 |a s.l:   |b CETRI  
300 |a 34 p.  
999 |c 7954  |d 7954